Statistics for Countries by a Single Clue #6

Click here to take the quiz!

General Stats

  • This quiz has been taken 17,843 times
  • The average score is 12 of 20

Answer Stats

Clue Country % Correct
Second largest country in the world by surface areaCanada
96%
Shares the summit of Mount Everest with ChinaNepal
95%
Most populous of the "stan" countriesPakistan
89%
Known as "Éire" in its native languageIreland
82%
Its flag is a field of blue with a yellow crossSweden
81%
Has the most coastline of any Mediterranean countryGreece
81%
Named after the river in which Jesus was baptizedJordan
75%
Most populous of the former Yugoslav republicsSerbia
74%
Its capital city, Bratislava, is just 62 kilometers from ViennaSlovakia
72%
Known as the "Hermit Kingdom" due to lack of foreign relationsNorth Korea
59%
First European country to trade directly with IndiaPortugal
57%
Most recent country to become a full member of the UN, in 2011South Sudan
56%
Dictator Robert Mugabe retired in 2017 at the age of 93Zimbabwe
52%
Its capital is named for U.S. President James MonroeLiberia
45%
Has two y's and a z in its nameKyrgyzstan
37%
Once home to the Shining Path and Túpac Amaru guerillasPeru
25%
Its most populous city is GuayaquilEcuador
23%
Official languages are Spanish and GuaraníParaguay
22%
Most of its land lies in the Carpathian BasinHungary
19%
Island chain whose inhabitants started a "cargo cult" based on U.S. supply drops in WWIIVanuatu
15%

Score Distribution

Percentile by Number Answered

Percent of People with Each Score

Your Score History

You have not taken this quiz